LEADER 00996nam2-2200361---450- 001 990001149410203316 005 20100831144710.0 010 $a978-88-17-03763-1 035 $a000114941 035 $aUSA01000114941 035 $a(ALEPH)000114941USA01 035 $a000114941 100 $a20030529d2010----km-y0enga50------ba 101 0 $aita 102 $aIT 105 $ay|||||||001yy 200 1 $aAcciaio$fSilvia Avallone 210 $aMilano$cRizzoli$d2010 215 $a357 p.$d22 cm 225 2 $a<> scala 410 0$1001000327850$12001$a<> scala 676 $a853.92 700 1$aAVALLONE,$bSilvia$0473828 801 0$aIT$bsalbc$gISBD 912 $a990001149410203316 951 $aVI.3. Coll. 5/ 64$b221832 L.M.$cVI.3. Coll.$d00281674 959 $aBK 969 $aUMA 979 $aMARIA$b10$c20030529$lUSA01$h1010 979 $aPATRY$b90$c20040406$lUSA01$h1720 979 $aANNAMARIA$b90$c20100831$lUSA01$h1447 996 $aAcciaio$9250388 997 $aUNISA